Frozen treats / (Record no. 129090)
[ view plain ]
| 000 -LEADER | |
|---|---|
| fixed length control field | 01495pam a2200397 i 4500 |
| 001 - CONTROL NUMBER | |
| control field | BK0013899809 |
| 005 - DATE AND TIME OF LATEST TRANSACTION | |
| control field | 20241220141703.0 |
| 008 - FIXED-LENGTH DATA ELEMENTS--GENERAL INFORMATION | |
| fixed length control field | 140328s2014 nyua j 000 1 eng d |
| 010 ## - LIBRARY OF CONGRESS CONTROL NUMBER | |
| LC control number | bl2014013585 |
| 020 ## - INTERNATIONAL STANDARD BOOK NUMBER | |
| International Standard Book Number | 9781442453036 : PAP |
| Terms of availability | $5.99 |
| 020 ## - INTERNATIONAL STANDARD BOOK NUMBER | |
| International Standard Book Number | 1442453036 : PAP |
| Terms of availability | $5.99 |
| Qualifying information | pbk. |
| 037 ## - SOURCE OF ACQUISITION | |
| Source of stock number/acquisition | Simon & Schuster, 100 Front st, Riverside, NJ, USA, 08075-7500 |
| Note | SAN 200-2442 |
| 040 ## - CATALOGING SOURCE | |
| Original cataloging agency | NjBwBT |
| Language of cataloging | eng |
| Transcribing agency | NjBwBT |
| Description conventions | rda |
| Modifying agency | IMmBT |
| 050 14 - LIBRARY OF CONGRESS CALL NUMBER | |
| Classification number | PZ7.P42488 |
| Item number | Fr 2014 |
| 082 04 - DEWEY DECIMAL CLASSIFICATION NUMBER | |
| Classification number | [Fic] |
| Edition number | 23 |
| 092 ## - LOCALLY ASSIGNED DEWEY CALL NUMBER (OCLC) | |
| Classification number | FIC |
| 092 ## - LOCALLY ASSIGNED DEWEY CALL NUMBER (OCLC) | |
| Classification number | PERELMAN |
| 100 1# - MAIN ENTRY--PERSONAL NAME | |
| Personal name | Perelman, Helen, |
| Relator term | author. |
| 9 (RLIN) | 5881571 |
| 245 10 - TITLE STATEMENT | |
| Title | Frozen treats / |
| Statement of responsibility, etc | Helen Perelman ; illustrated by Erica-Jane Waters. |
| 250 ## - EDITION STATEMENT | |
| Edition statement | First Aladdin hardcover edition. |
| 260 ## - PUBLICATION, DISTRIBUTION, ETC. (IMPRINT) | |
| Name of publisher, distributor, etc | Simon & Schuster |
| Date of publication, distribution, etc | 2014 |
| 264 #1 - Production, Publication, Distribution, Manufacture, and Copyright Notice. | |
| Place of production, publication, distribution, manufacture | New York : |
| Name of producer, publisher, distributor, manufacturer | Aladdin, |
| Date of production, publication, distribution, manufacture, or copyr | 2014. |
| 300 ## - PHYSICAL DESCRIPTION | |
| Extent | 117 pages : |
| Other physical details | illustrations ; |
| Dimensions | 22 cm. |
| 336 ## - Content Type | |
| Content type term | text |
| 337 ## - Media type | |
| Media type term | unmediated |
| 338 ## - Carrier type | |
| Carrier type term | volume |
| 490 1# - SERIES STATEMENT | |
| Series statement | Candy fairies ; |
| Volume number/sequential designation | #13 |
| 520 ## - SUMMARY, ETC. | |
| Summary, etc | Melli the Caramel Fairy has been asked to go to the Ice Cream Isles to help out with the Summer Spectacular, but she is unsure about going by herself and alienating her jealous friends. |
| 650 #1 - SUBJECT ADDED ENTRY--TOPICAL TERM | |
| Topical term or geographic name as entry element | Fairies |
| Form subdivision | Fiction. |
| 9 (RLIN) | 5673692 |
| 650 #1 - SUBJECT ADDED ENTRY--TOPICAL TERM | |
| Topical term or geographic name as entry element | Candy |
| Form subdivision | Fiction. |
| 9 (RLIN) | 5694049 |
| 650 #1 - SUBJECT ADDED ENTRY--TOPICAL TERM | |
| Topical term or geographic name as entry element | Friendship |
| Form subdivision | Fiction. |
| 9 (RLIN) | 5673769 |
| 700 1# - ADDED ENTRY--PERSONAL NAME | |
| Personal name | Waters, Erica-Jane, |
| Relator term | illustrator. |
| 9 (RLIN) | 45151 |
| 800 1# - SERIES ADDED ENTRY--PERSONAL NAME | |
| Personal name | Perelman, Helen. |
| Title of a work | Candy fairies ; |
| Volume/sequential designation | #13. |
| 9 (RLIN) | 5881572 |
| 942 ## - ADDED ENTRY ELEMENTS (KOHA) | |
| Koha item type | BOOK |
| 998 ## - LOCAL CONTROL INFORMATION (RLIN) | |
| -- | a204963 |
| Withdrawn status | Lost status | Source of classification or shelving scheme | Damaged status | Not for loan | Collection code | Home library | Current library | Shelving location | Date acquired | Cost, normal purchase price | Total Checkouts | Total Renewals | Full call number | Barcode | Date last seen | Date checked out | Cost, replacement price | Price effective from | Koha item type |
|---|---|---|---|---|---|---|---|---|---|---|---|---|---|---|---|---|---|---|---|
| Dewey Decimal Classification | Junior Fiction | Wasatch County Library | Wasatch County Library | Main Floor Junior Area | 08/23/2014 | 15.99 | 27 | 8 | J Perelman | 34301001189267 | 01/05/2026 | 12/30/2025 | 15.99 | 03/20/2020 | BOOK |
